000 00799nam a2200253Ia 4500
003 OSt
005 20260107120248.0
008 220923b |||||||| |||| 00| 0 eng d
037 _cTextbook
040 _aRTL
_cRTL
_beng
041 _2eng
_aeng
084 _aU287 K8/TD1
_qRTL
100 _aTrewartha, Glenn T.
_9862518
245 0 _aIntroduction to climate
250 _a4
260 _aNew York
_bMcGraw-Hill
_c1980
300 _axi, 416 p.
_bincludes bibliographical references and index
490 _aMcGraw-Hill Series in Geography. Ed by John W Webb
500 _aBibliography chapterwise; Appendix: P 397-403
650 _aClimate, Atmosphere.
_9862519
700 _a Horn, Lyle H.
_9320811
942 _hU287, K8/TD1
_cTB
_2CC
_n0
999 _c629368
_d629368